[Event "GER-ch"]
[Site "Gladenbach"]
[Date "1997.11.20"]
[Round "4"]
[White "Oswald, Hans Joachim"]
[Black "Puth, Dieter"]
[Result "1/2-1/2"]
[WhiteElo "2330"]
[BlackElo "2300"]

1.e4 c5 2.Nf3 d6 3.Nc3 Nf6 4.d4 cxd4 5.Nxd4 a6 6.g3 e5 7.Nde2 b5 8.Bg2 Bb7
9.O-O Nbd7 10.h3 Rc8 11.g4 h6 12.Be3 Qc7 13.Rc1 Nb6 14.Qd3 Nc4 15.Nd1 Be7
16.b3 Nxe3 17.Nxe3 g6 18.c4 bxc4 19.Nxc4 Qc5 20.Rfd1 Rd8 21.Nc3 O-O 22.b4 Qa7
23.Na5 Ba8 24.Nd5 Nxd5 25.exd5 Bg5 26.Rc2 Rc8 27.Be4 Kg7 28.Kg2 Qb6 29.a3 Bh4
30.Rdc1 Rxc2 31.Rxc2 f5 32.gxf5 gxf5 33.Bxf5 Bxd5+ 34.Qxd5 Rxf5 35.Qb7+ Qxb7+
36.Nxb7 Rf6 37.f3 d5 38.Re2 Rg6+ 39.Kf1 Kf6 40.Nc5 Kf5 41.Nd3 e4 42.fxe4+ dxe4
43.Nc5 Rg3 44.Rxe4 Bf6 45.Re6 Rxa3 46.Rxa6 Rxh3 47.b5 Rh1+ 48.Kg2 Rb1 49.Nd7 Bg5
50.b6  1/2-1/2

[Event "GER-ch"]
[Site "Gladenbach"]
[Date "1997.11.23"]
[Round "7"]
[White "Kindermann, Stefan"]
[Black "Lutz, Christopher"]
[Result "0-1"]
[WhiteElo "2570"]
[BlackElo "2590"]

1.e4 c5 2.Nf3 d6 3.d4 cxd4 4.Nxd4 Nf6 5.Nc3 a6 6.g3 e5 7.Nde2 Nbd7 8.Bg2 b5
9.h3 Bb7 10.O-O Be7 11.g4 b4 12.Nd5 Nxd5 13.exd5 O-O 14.Ng3 Re8 15.a3 bxa3
16.Rxa3 Nb6 17.Rb3 Bc8 18.f4 exf4 19.Bxf4 Bd7 20.Re1 Rc8 21.Nh5 Bf8 22.Rxe8 Bxe8
23.Qd4 Na4 24.c4 Rb8 25.Rxb8 Qxb8 26.Qe3 Qb6 27.Qxb6 Nxb6 28.b3 f5 29.Ng3 fxg4
30.hxg4 Bd7 31.Bf3 Be7 32.Ne4 Nc8 33.Kf2 a5 34.Ke2 a4 35.bxa4 Bxa4 36.Kd3 h6
37.Kd4 Kf7 38.Kc3 Bd7 39.Kd4  0-1

[Event "Arco di Trento op1"]
[Site "Arco di Trento"]
[Date "1997.??.??"]
[Round "2"]
[White "Golyak, Isay G"]
[Black "Ortega, Lexy"]
[Result "0-1"]
[WhiteElo "2285"]
[BlackElo "2460"]

1.e4 c5 2.Nf3 d6 3.d4 cxd4 4.Nxd4 Nf6 5.Nc3 a6 6.g3 e6 7.Bg2 Qc7 8.O-O Nc6
9.b3 Be7 10.Bb2 O-O 11.Nce2 Bd7 12.c4 Rfd8 13.Rc1 Rac8 14.Qd2 Qb8 15.f4 Be8
16.f5 Nxd4 17.Nxd4 e5 18.Nc2 Bc6 19.Qe2 b5 20.Nb4 bxc4 21.Nxc6 Rxc6 22.Rxc4 Rdc8
23.Rxc6 Rxc6 24.Rc1 Qc7 25.Rxc6 Qxc6 26.h3 Bd8 27.Kh2 Bb6 28.Qc4 Qxc4 29.bxc4 Kf8
30.Bf3 Nd7 31.Kg2 Bc5 32.Kf1 Nb6 33.Be2 Na4 34.Ba1 Bd4 35.Bxd4 exd4 36.Bd3 Nc5
37.Ke2 Ke7 38.Bc2 Kf6 39.Kf3 Ke5 40.g4 d3 41.Bd1 Kd4 42.g5 Nxe4 43.h4 Nc3
44.h5 g6  0-1

[Event "AUT-chT2W 9697"]
[Site "Austria"]
[Date "1997.??.??"]
[Round "8"]
[White "Kostic, Vladimir"]
[Black "Stangl, Markus"]
[Result "1/2-1/2"]
[WhiteElo "2420"]
[BlackElo "2565"]

1.e4 c5 2.Nf3 d6 3.d4 cxd4 4.Nxd4 Nf6 5.Nc3 a6 6.g3 e5 7.Nde2 b6 8.Bg2 Bb7
9.O-O Nbd7 10.b3 Nc5 11.Bg5 Be7 12.Bxf6 Bxf6 13.Nd5 b5 14.Qd2 O-O 15.Rad1 Rc8
16.Qb4 Bc6 17.Qd2 Re8 18.h4 g6 19.b4 Nd7 20.Ne3 Nb6 21.a3 Be7 22.Nc3 Bf8
23.Bh3 Rc7 24.Qe2 Bh6 25.Ned5 Bxd5 26.Nxd5 Rc4 27.Qd3 Nxd5 28.Qxd5 Bf8 29.f4 Qc7
30.f5 Rxc2 31.fxg6 hxg6 32.Rf6 Bg7 33.Rf3 Rc1 34.Rxc1 Qxc1+ 35.Bf1 Qc7 36.a4 Rb8
37.axb5 axb5 38.Kh2 Rb7 39.Rf2 Kh7 40.h5 gxh5 41.Qd1 Rb6 42.Qxh5+ Kg8 43.Bh3 Rc6
44.Be6 fxe6 45.Qe8+ Kh7 46.Qh5+  1/2-1/2

[Event "Pfalz-chB"]
[Site "Bad Bergzabern"]
[Date "1997.??.??"]
[Round "?"]
[White "Stock, Andreas"]
[Black "Hirschinger, Thomas"]
[Result "1/2-1/2"]
[WhiteElo "2145"]
[BlackElo "2080"]

1.e4 c5 2.Nf3 d6 3.d4 cxd4 4.Nxd4 Nf6 5.Nc3 a6 6.g3 g6 7.Bg2 Bg7 8.O-O O-O
9.h3 Nc6 10.Be3 Qc7  1/2-1/2

[Event "Regionalliga SW9697"]
[Site "Bayern"]
[Date "1997.??.??"]
[Round "?"]
[White "Kuehn, Manfred"]
[Black "Wolfsteiner, Helmut"]
[Result "0-1"]
[WhiteElo "2160"]
[BlackElo "2135"]

1.e4 c5 2.Nf3 d6 3.d4 cxd4 4.Nxd4 Nf6 5.Nc3 a6 6.g3 g6 7.Bg2 Bg7 8.O-O O-O
9.h3 Nc6 10.Nb3 Bd7 11.Bg5 Rc8 12.Qe2 Ne5 13.Nd2 b5 14.Rfc1 h6 15.Bxf6 Bxf6
16.Nd5 Bg7 17.c3 Bc6 18.a4 bxa4 19.Qxa6 Rb8 20.Ra2 Bb5 21.Qa7 e6 22.Nb4 Nc6
23.Nxc6 Bxc6 24.Rd1 Rb7 25.Qe3 Qc7 26.Nc4 Rd8 27.Qf4 Bb5 28.Na3 Be8 29.Bf1 Qc5
30.Nc4 Qc7 31.Rxd6 Rdb8 32.e5 Bb5 33.Rd4 Bxc4 34.Rxc4 Qxe5 35.Qd2 Bf6 36.Rcxa4 Kg7
37.Bg2 Rb6 38.Ra7 Rd6 39.Qf4 Rd1+ 40.Kh2 Qxf4 41.gxf4 Rd2 42.Rc7 Rdxb2 43.Raa7 Rf8
44.Ra6 Rxf2 45.Rxe6 Rxf4 46.Rec6 Be5 47.Re7 Re4+  0-1

[Event "Jugometal (Women)"]
[Site "Belgrade"]
[Date "1997.??.??"]
[Round "3"]
[White "Cosma, Elena Luminita"]
[Black "Benderac, Ana"]
[Result "1/2-1/2"]
[WhiteElo "2360"]
[BlackElo "2145"]

1.e4 c5 2.Nf3 d6 3.d4 cxd4 4.Nxd4 Nf6 5.Nc3 a6 6.g3 e5 7.Nde2 Be6 8.Bg2 Be7
9.O-O O-O 10.a4 Qc8 11.Bg5 Nbd7 12.h3 h6 13.Be3 Nc5 14.Kh2 b5 15.axb5 axb5
16.Rxa8 Qxa8 17.Bxc5 dxc5 18.Nd5 Bxd5 19.exd5 Rd8 20.c4 bxc4 21.Nc3 Bd6  1/2-1/2

[Event "Berliner Sommer"]
[Site "Berlin"]
[Date "1997.??.??"]
[Round "1"]
[White "Hesse, Juergen"]
[Black "Zoler, Dan"]
[Result "0-1"]
[WhiteElo "2025"]
[BlackElo "2465"]

1.e4 c5 2.Nf3 d6 3.d4 cxd4 4.Nxd4 Nf6 5.Nc3 a6 6.g3 g6 7.h3 Nc6 8.Be3 Bg7
9.Bg2 Bd7 10.Nd5 O-O 11.Nxc6 Bxc6 12.Bb6 Qd7 13.Bd4 Bxd5 14.exd5 Qf5 15.O-O Rac8
16.c3 Nd7 17.Bxg7 Kxg7 18.Qd4+ Qf6 19.Qxf6+ Kxf6 20.Rfe1 Rc5 21.Rad1 b5 22.Re2 Nb6
23.Kf1 Rfc8 24.a3 a5 25.Kg1 R8c7 26.Kf1 Rc4 27.Re4 Rxe4 28.Bxe4 Nc4 29.Bd3 Nxb2
30.Rd2 Nxd3 31.Rxd3 Rc4 32.Rf3+ Kg7 33.Re3 Kf8  0-1

[Event "Budapest FS06 IM"]
[Site "Budapest"]
[Date "1997.??.??"]
[Round "6"]
[White "Farago, Sandor"]
[Black "Peredy, Ferenc"]
[Result "1/2-1/2"]
[WhiteElo "2250"]
[BlackElo "2200"]

1.e4 c5 2.Nf3 d6 3.d4 cxd4 4.Nxd4 Nf6 5.Nc3 a6 6.g3 e5 7.Nde2 Nbd7 8.a4 b6
9.Bg2 Bb7 10.O-O h6 11.Be3 Rc8 12.Nd5 Nxd5 13.exd5 Be7 14.f4 O-O 15.fxe5 Nxe5
16.b3 Bf6 17.c4 Ng4 18.Bd4 Qe8 19.Bxf6 Qe3+ 20.Kh1 Nxf6 21.Nd4 Ne4 22.Qe1 Qxd4
23.Qxe4 Qxe4 24.Bxe4 Rfe8 25.Rae1 Re5 26.Bd3 f6 27.Kg1 Rce8 28.Kf2 Bc8 29.Bg6 R8e7
30.h4 Bg4 31.Bd3 Kf7 32.Rg1 a5 33.Rh1 Ke8 34.Rhf1  1/2-1/2

[Event "Najdorf op"]
[Site "Buenos Aires"]
[Date "1997.??.??"]
[Round "6"]
[White "Rodriguez, Andres"]
[Black "Servat, Roberto"]
[Result "0-1"]
[WhiteElo "2565"]
[BlackElo "2440"]

1.e4 c5 2.Nf3 d6 3.d4 cxd4 4.Nxd4 Nf6 5.Nc3 a6 6.g3 e5 7.Nde2 Be7 8.Bg2 O-O
9.h3 Nbd7 10.g4 Nc5 11.Ng3 g6 12.Be3 Ne6 13.Qd2 Ne8 14.Nd5 Bg5 15.O-O-O Bd7
16.h4 Bxe3 17.fxe3 N6c7 18.Nb6 Rb8 19.Nxd7 Qxd7 20.g5 Rd8 21.Bh3 Qe7 22.Qh2 h5
23.gxh6 Qxh4 24.Rdg1 Kh8 25.Qe2 Qe7 26.Qg2 d5 27.Rd1 Nf6 28.Rhf1 dxe4 29.Nxe4 Ncd5
30.Nxf6 Nxf6 31.Qg5 Rxd1+ 32.Rxd1 Re8 33.Bg2 Nh5 34.Qg4 Nf6 35.Qf3 e4 36.Qf4 Qe5
37.Qf2 Kh7 38.Rd4 Kxh6 39.Bf1 Kg7 40.Bg2 Re7 41.Qh4 Qf5 42.Rd6 g5 43.Qh1 Qf2
44.Kb1 Qxe3 45.Rd8 Re8 46.Rxe8 Nxe8 47.Bxe4 Nd6 48.Bd3 f5 49.a3 g4 50.Ka2 Kg6
51.Qh2 Nf7  0-1

[Event "Cannes op-B 18th"]
[Site "Cannes"]
[Date "1997.??.??"]
[Round "6"]
[White "Kummle, Thomas"]
[Black "Soyer, Jean Yves"]
[Result "1-0"]
[WhiteElo "2220"]
[BlackElo "2115"]

1.e4 c5 2.Nf3 d6 3.d4 cxd4 4.Nxd4 Nf6 5.Nc3 a6 6.g3 e5 7.Nde2 Be7 8.Bg2 O-O
9.O-O Nbd7 10.h3 b5 11.a3 Bb7 12.g4 Nb6 13.Bg5 Rc8 14.Qd3 Qc7 15.Rad1 Rfd8
16.Qg3 a5 17.Nxb5 Qxc2 18.Nbc3 Qb3 19.Rfe1 Qc4 20.Rc1 Qa6 21.h4 Nc4 22.Rb1 Qa8
23.Red1 Rb8 24.Bc1 Nxe4 25.Nxe4 Bxe4 26.Bxe4 Qxe4 27.Nc3 Qc2 28.g5 d5 29.Qd3 Qxd3
30.Rxd3 d4 31.Ne4 Nd6 32.Ng3 Rdc8 33.Bd2 a4 34.Bb4 Bf8 35.Re1 Rb5 36.Kg2 f6
37.gxf6 gxf6 38.Nh5 Kf7 39.Rf3 f5 40.Bxd6 Bxd6 41.Rxf5+ Ke6 42.Rf6+ Kd5 43.Rh6 Rc2
44.Nf6+ Kc4 45.Ng4 Bb8 46.Rxh7 Rbxb2 47.h5 Re2 48.Rc1+ Kd3 49.h6 Kd2 50.Rh1  1-0

[Event "Cannes op-B 18th"]
[Site "Cannes"]
[Date "1997.??.??"]
[Round "8"]
[White "Manolov, Ivan"]
[Black "Van Beers, Eddy"]
[Result "1-0"]
[WhiteElo "2330"]
[BlackElo "2240"]

1.e4 c5 2.Nf3 d6 3.d4 cxd4 4.Nxd4 Nf6 5.Nc3 a6 6.g3 e5 7.Nde2 Be7 8.Bg2 O-O
9.O-O Nbd7 10.a4 b6 11.h3 Bb7 12.g4 Rc8 13.Ng3 Nc5 14.Be3 g6 15.Qd2 Qc7 16.g5 Nfd7
17.Nd5 Bxd5 18.exd5 f5 19.gxf6 Bxf6 20.b4 Nb7 21.Rac1 a5 22.c3 Qc4 23.Ne4 Qb3
24.Qd1 Qxd1 25.Rfxd1 Rc4 26.Nd2 Rc7 27.Bf1 Rfc8 28.Ne4 Be7 29.Bb5 axb4 30.cxb4 Rxc1
31.Rxc1 Rxc1+ 32.Bxc1 Nf6 33.Nxf6+ Bxf6 34.Be3 Bd8 35.Bc6 Na5 36.bxa5 bxa5
37.Kf1 Kf7 38.Bd7 Kf6 39.Ke2  1-0

[Event "Costa Rica-ch"]
[Site "Costa Rica"]
[Date "1997.??.??"]
[Round "1"]
[White "Melendez, Esteban"]
[Black "Peraza, Rafael"]
[Result "1-0"]
[WhiteElo "2020"]
[BlackElo "2000"]

1.e4 c5 2.Nf3 d6 3.d4 cxd4 4.Nxd4 Nf6 5.Nc3 a6 6.g3 Qc7 7.Bg2 g6 8.O-O Bg7
9.h3 Bd7 10.Bg5 Qc8 11.Kh2 h6 12.Bxf6 exf6 13.Nb3 Qc7 14.Nd5 Qd8 15.Qd2 O-O
16.Qb4 Bb5 17.Rfd1 Nc6 18.Qd2 Re8 19.Nc3 Qb6 20.Qxd6 Qxf2 21.Rd2 Rad8 22.Qxd8 Qxg2+
23.Kxg2 Nxd8 24.Nxb5 axb5 25.c3 Nc6 26.Re1 b4 27.Nd4 bxc3 28.bxc3 Ne5 29.Nf3 Nc6
30.Rde2 Ra8 31.Rb2 Ra3 32.Ree2 Ra7 33.Kf2 Bf8 34.Rb5 Bd6 35.Rd5 Bc7 36.Rd7 Bb6+
37.Ke1 Kf8 38.Rd5 Bc7 39.Kf2 Ke7 40.Red2 Ba5 41.Rc2 Bc7 42.Nd4 Ra4 43.Kg2 Be5
44.Rb2 Nd8 45.Rd2 Nc6 46.Kf3 Nxd4+ 47.cxd4 Ra3+ 48.Ke2 Bxg3 49.Rb2 Bf4 50.Rxb7+ Ke8
51.Rdd7 Rxa2+ 52.Kf3 g5 53.Re7+ Kd8 54.Rxf7 Kc8 55.Rh7 h5 56.Rbg7 Ra3+ 57.Ke2 Ra2+
58.Kd3 Rd2+ 59.Kc4 Rc2+ 60.Kb5 Kb8 61.Rg8+ Rc8 62.Rxc8+ Kxc8 63.Rxh5 Kd7
64.Rh7+ Kd8 65.Rf7  1-0

[Event "CZE-chT1b 9697"]
[Site "CZE"]
[Date "1997.??.??"]
[Round "?"]
[White "Kacirek, Petr"]
[Black "Vavruska, David"]
[Result "1/2-1/2"]
[WhiteElo "2260"]
[BlackElo "2280"]

1.e4 c5 2.Ne2 d6 3.d4 cxd4 4.Nxd4 Nf6 5.Nc3 a6 6.g3 e5 7.Nde2 Be7 8.Bg2 Nbd7
9.h3 b5 10.g4 Nc5 11.Ng3 b4 12.Nd5 Nxd5 13.exd5 Bg5 14.O-O O-O 15.f4 exf4
16.Bxf4 Bxf4 17.Rxf4 a5 18.Qd4 Ra7 19.Raf1 Re7 20.Kh2 Re5 21.R1f2 f6 22.c4 Rfe8
23.Ne4 Nxe4 24.Rxe4 Rxe4 25.Bxe4 Qe7 26.Re2 Qe5+ 27.Qxe5 Rxe5 28.Bd3 Rxe2+
29.Bxe2 h6 30.Bd3 Kf7 31.Kg3 Ke7 32.Kf4 h5 33.Bf5 Ba6 34.b3 hxg4 35.hxg4 Kd8
36.Ke4  1/2-1/2

[Event "CZE-chT2 9697"]
[Site "CZE"]
[Date "1997.??.??"]
[Round "?"]
[White "Hosek, Milan"]
[Black "Fajman, Petr"]
[Result "1/2-1/2"]
[WhiteElo "2250"]
[BlackElo "2330"]

1.e4 c5 2.Nf3 d6 3.d4 cxd4 4.Nxd4 Nf6 5.Nc3 a6 6.g3 b5 7.Bg2 Bb7 8.Nd5 Nbd7
9.O-O e6 10.Nxf6+ Nxf6 11.Re1 Qc7 12.a4 bxa4 13.Rxa4 Be7 14.Bd2 O-O 15.Ba5 Qd7
16.Ra1 Rfc8 17.b3 d5 18.exd5 Bxd5 19.Bxd5 exd5 20.Kg2 Bc5 21.Ra4 h6 22.f3 Bxd4
23.Rxd4 Qc6 24.Re2  1/2-1/2

[Event "Moravia-chT 9798"]
[Site "CZE"]
[Date "1997.??.??"]
[Round "1.3"]
[White "Pisk, Petr"]
[Black "Jaworski, Miroslaw"]
[Result "1/2-1/2"]
[WhiteElo "2310"]
[BlackElo "2395"]

1.e4 c5 2.Nf3 d6 3.d4 cxd4 4.Nxd4 Nf6 5.Nc3 a6 6.g3 e5 7.Nde2 Be7 8.a4 b6
9.Bg2 Bb7 10.O-O Nbd7 11.Be3 Rc8 12.b3 Nc5 13.Nd5 Nxd5 14.exd5 O-O 15.a5 b5
16.Qd2 Qc7 17.Qb4 Rb8 18.Rfd1 Bc8 19.Ra2 Bf5 20.f4 Rfc8 21.Kh1 h5 22.Ng1 e4
23.h3 Bf6 24.Ne2 Qb7 25.Kh2 Rc7 26.Qe1 b4 27.Nd4 Bxd4 28.Rxd4 Nd7 29.Bf1 Nf6  1/2-1/2

[Event "CZE-chT2 9798"]
[Site "CZE"]
[Date "1997.??.??"]
[Round "3.1"]
[White "Nun, Jiri"]
[Black "Jirovsky, Petr"]
[Result "1/2-1/2"]
[WhiteElo "2375"]
[BlackElo "2365"]

1.e4 c5 2.Nf3 d6 3.d4 cxd4 4.Nxd4 Nf6 5.Nc3 a6 6.g3 e6 7.Bg2 Be7 8.O-O O-O
9.a4 Qc7 10.a5 Nc6 11.Nb3 Ne5 12.Qe2 Bd7 13.f4 Nc4 14.g4 Rfd8 15.g5 Ne8 16.Rf3 g6
17.f5 Bf8 18.fxg6 fxg6 19.Qf2 Ng7 20.Qh4 Nh5 21.Rh3 Bg7 22.Bf3 Be8 23.Ne2 Be5
24.Ned4 Bxd4+ 25.Nxd4 Qc5 26.Qf2 Bd7 27.Bxh5 gxh5 28.Nf3 Qxf2+ 29.Kxf2 Rf8
30.b3 Ne5 31.Ba3 Rac8 32.c4 Nd3+ 33.Ke3 Nc5 34.Bxc5 Rxc5 35.Rxh5 Bc6 36.Rh6 Bd7
37.Rg1 Kg7 38.Rh4 Rxa5 39.Rd1 Ra3 40.Rd3 Ba4 41.Nd2 Bc6 42.Rxd6 Re8 43.Rh6 a5
44.e5 a4 45.Rd3 Ra1 46.bxa4 Bxa4 47.Nf3 Bc6 48.Rf6 Re7 49.h4 Rh1 50.Rd4 Re8
51.Kf4 Ra8 52.Kg4 Ra2 53.Rd8 Bxf3+ 54.Rxf3 Rah2 55.Rd7+ Kg8 56.Rd8+ Kg7 57.Rd7+ Kg8  1/2-1/2

[Event "Dhaka"]
[Site "Dhaka"]
[Date "1997.??.??"]
[Round "4"]
[White "Malisauskas, Vidmantas"]
[Black "Szekely, Peter"]
[Result "1/2-1/2"]
[WhiteElo "2530"]
[BlackElo "2455"]

1.e4 c5 2.Nf3 d6 3.d4 cxd4 4.Nxd4 Nf6 5.Nc3 a6 6.g3 e5 7.Nde2 Be7 8.Bg2 b5
9.O-O Nbd7 10.h3 O-O 11.Be3 Nb6 12.a3 Bb7 13.b3 Rc8 14.Qd2 d5  1/2-1/2

[Event "Schachschule Erlangen op"]
[Site "Erlangen"]
[Date "1997.??.??"]
[Round "5"]
[White "Ackermann, Klaus"]
[Black "Steinmueller, Alexander"]
[Result "0-1"]
[WhiteElo "1760"]
[BlackElo "1904"]

1.e4 c5 2.Nf3 d6 3.d4 cxd4 4.Nxd4 Nf6 5.Nc3 a6 6.g3 e5 7.Nb3 Be7 8.Bg2 O-O
9.O-O b5 10.Bg5 Nbd7 11.a3 Bb7 12.Qe2 Rb8 13.Rad1 Qc7 14.Be3 Nb6 15.Bxb6 Qxb6
16.Nd5 Nxd5 17.exd5 f5 18.Qe3 Qxe3 19.fxe3 Bd8 20.e4 Bb6+ 21.Kh1 Bc8 22.Nc1 g5
23.Nd3 a5 24.c3 f4 25.gxf4 gxf4 26.Ne1 Rb7 27.b3 Rc7 28.Rc1 Rf6 29.Nf3 Ba6
30.Rfe1 Bc8 31.c4 bxc4 32.Rxc4 Rxc4 33.bxc4 Rf7 34.Rb1 Rb7 35.Ng5 Bc5 36.Rxb7 Bxb7
37.a4 Bb6 38.Bf1 h6 39.Nf3 Bc8 40.Be2 Bh3 41.Nd2 Kf7 42.Bf1 Bd7 43.c5 Bxc5
44.Nc4 Bb4 45.Nb6 Bg4 46.Kg2 Kf6 47.h3 Bd1 48.Bb5 Kg5 49.Bd7 f3+ 50.Kf1 Kf4  0-1

[Event "FRA-chT9697 groupe B"]
[Site "France"]
[Date "1997.??.??"]
[Round "1"]
[White "Ochoa de Echaguen, F Javier"]
[Black "Collas, Didier"]
[Result "1/2-1/2"]
[WhiteElo "2440"]
[BlackElo "2365"]

1.e4 c5 2.Nf3 d6 3.d4 cxd4 4.Nxd4 Nf6 5.Nc3 a6 6.g3 e6 7.Bg2 Be7 8.O-O Qc7
9.a4 Nc6 10.Nb3 b6 11.f4 Nd7 12.Be3 Rb8 13.Qe2 O-O 14.Rfd1 Rd8 15.Qc4 Nc5
16.Nd4 Nxd4 17.Bxd4 Bd7 18.e5 Bc6 19.exd6 Bxd6 20.Qe2 Bxg2 21.Qxg2 h6 22.Rd2 Re8
23.Rad1 Rbd8 24.h3 Qb8 25.Qe2 Bc7 26.Bxc5 bxc5 27.Rxd8 Rxd8 28.Rxd8+ Bxd8
29.b3 g5 30.Qe4 gxf4 31.gxf4 Bf6 32.Ne2 Qd6 33.Qa8+ Bd8 34.Kf2 Kh7 35.Qe4+ Kg7  1/2-1/2

[Event "Oberliga Nord O9697"]
[Site "Germany"]
[Date "1997.??.??"]
[Round "?"]
[White "Postler, Reinhard"]
[Black "Muse, Drazen"]
[Result "0-1"]
[WhiteElo "2330"]
[BlackElo "2335"]

1.e4 c5 2.Nf3 d6 3.d4 cxd4 4.Nxd4 Nf6 5.Nc3 a6 6.g3 e5 7.Nde2 Be7 8.Bg2 O-O
9.O-O Nbd7 10.h3 b5 11.Be3 Bb7 12.a4 b4 13.Nd5 Nxd5 14.exd5 Bg5 15.Bxg5 Qxg5
16.a5 Rab8 17.c3 Ba8 18.cxb4 Rxb4 19.Qc2 Nc5 20.f4 Qf6 21.Nc3 e4 22.Rad1 Rfb8
23.Nxe4 Nxe4 24.Bxe4 Rxb2 25.Qc7 g6 26.Rf2 R2b7 27.Qc1 Re8 28.Bg2 Kg7 29.h4 Rb3
30.Rf3 Rb5 31.Ra3 Re2 32.Bf1 Rc5 33.Qa1 Rb2 34.Ra2 Rcc2 35.Rxb2 Rxb2 36.Qa3 Rc2
37.Qe3 Rc5 38.Bxa6 Bxd5  0-1

[Event "Hamburg ch"]
[Site "Hamburg"]
[Date "1997.??.??"]
[Round "5"]
[White "Putzbach, Gerd"]
[Black "Trisic, Alexandar"]
[Result "0-1"]
[WhiteElo "2255"]
[BlackElo "2245"]

1.e4 c5 2.Nf3 d6 3.d4 cxd4 4.Nxd4 Nf6 5.Nc3 a6 6.g3 e6 7.Bg2 Qc7 8.O-O Nc6
9.Re1 Bd7 10.Nde2 b5 11.Nf4 Ne5 12.Nce2 Be7 13.h3 O-O 14.g4 Rac8 15.c3 Ne8
16.Nd3 Bc6 17.Nb4 Bb7 18.a4 a5 19.Nd3 bxa4 20.Nxe5 dxe5 21.Qxa4 Ra8 22.Ng3 Nd6
23.Qa2 Bh4 24.Kh2 a4 25.Re3 Bg5 26.Re1 Bf4 27.f3 Rfd8 28.Bf1 Qc5 29.Kg2 a3
30.bxa3 Qxc3 31.Bb2 Qc2+ 32.Re2 Qc5 33.Nh5 Nc4 34.Nxf4 exf4 35.Bc1 Ne3+ 36.Bxe3 fxe3
37.Qb3 Ba6 38.Qxe3 Qe5 39.Rea2 Bxf1+ 40.Rxf1 Ra4 41.Rc1 Rb8 42.Qc3 Qxc3 43.Rxc3 g5
44.h4 gxh4 45.Kh3 Kg7 46.Kxh4 Rb5 47.Rd2 Rba5 48.Rdd3 Kg6 49.Rc8 Rxa3 50.e5 Ra8
51.Rdd8 Rxc8 52.Rxc8 Kg7 53.Kg3 Re3 54.Rc5 Kg6 55.Kf2 Ra3 56.Rc8 Kg7 57.f4 Rb3
58.Re8 h5 59.g5 h4 60.Rd8 h3 61.Rd7 Kg6 62.Ra7 h2 63.f5+ exf5 64.Kg2 Rb2+
65.Kh1 f4 66.Ra6+ Kxg5 67.Rf6 Re2 68.Rxf7 Rxe5 69.Kxh2 Kg4 70.Kg2 Re2+ 71.Kf1 Rb2
72.Rh7 Kg3 73.Rh8 Rb1+ 74.Ke2 f3+ 75.Ke3 Re1+ 76.Kd2 f2 77.Rg8+ Kh4 78.Rh8+ Kg5  0-1

[Event "FIN-ch"]
[Site "Helsinki"]
[Date "1997.??.??"]
[Round "2"]
[White "Kytoniemi, Jyrki"]
[Black "Tella, Jussi"]
[Result "1-0"]
[WhiteElo "2205"]
[BlackElo "2335"]

1.e4 c5 2.Nf3 d6 3.d4 cxd4 4.Nxd4 Nf6 5.Nc3 a6 6.g3 e6 7.Bg2 Be7 8.O-O O-O
9.a4 Qc7 10.h3 Nc6 11.Kh2 Bd7 12.f4 Rad8 13.Nb3 Nb4 14.Be3 d5 15.a5 Qc6 16.Bb6 Rc8
17.Nd4 Qc4 18.e5 Ne8 19.f5 Bc5 20.Rf4 Bxb6 21.Nxe6 fxe6 22.Rxc4 Rxc4 23.axb6 Rxf5
24.Qe2 g6 25.g4 Rff4 26.Rf1 Rxf1 27.Bxf1 Rf4 28.Bg2 Kg7 29.Qd2 Rf7 30.Ne2 Nc6
31.Nd4 Nxe5 32.Qe2 Nc6 33.Nxe6+ Bxe6 34.Qxe6 Re7 35.Qxd5 Nf6 36.Qd2 Ne5 37.b3 h6
38.c4 Rd7 39.Qc3  1-0

[Event "La Pobla de Lillet op"]
[Site "La Pobla de Lillet"]
[Date "1997.??.??"]
[Round "3"]
[White "Garcia Ares, Felix"]
[Black "Martinez Medina, Enrique"]
[Result "1-0"]
[WhiteElo "2250"]
[BlackElo "2220"]

1.e4 c5 2.Nf3 d6 3.d4 cxd4 4.Nxd4 Nf6 5.Nc3 a6 6.g3 g6 7.Bg2 Bg7 8.O-O O-O
9.b3 Qc7 10.Bb2 Bd7 11.Nd5 Nxd5 12.exd5 b5 13.Re1 Re8 14.h4 Bc8 15.c4 bxc4
16.Rc1 Bb7 17.Rxc4 Qd8 18.Qd2 Bxd4 19.Qxd4 f6 20.h5 Nd7 21.hxg6 hxg6 22.Qe3 Kg7
23.Rh4 Nf8 24.Qh6+ Kf7 25.Be4 Qa5 26.b4 Qxa2 27.Bxg6+ Nxg6 28.Qh7+ Kf8 29.Bc1 Rec8
30.Qxg6  1-0

[Event "US-op"]
[Site "Las Vegas"]
[Date "1997.??.??"]
[Round "2"]
[White "Ivanov, Alexander"]
[Black "Pascual, F."]
[Result "1-0"]
[WhiteElo "2660"]
[BlackElo "2275"]

1.e4 c5 2.Nf3 d6 3.d4 cxd4 4.Nxd4 Nf6 5.Nc3 a6 6.g3 e6 7.Bg2 Be7 8.O-O Qc7
9.Be3 Nc6 10.Nxc6 bxc6 11.Na4 Rb8 12.c4 O-O 13.f4 c5 14.g4 Nd7 15.b3 Bb7
16.g5 Rfe8 17.Qg4 Bf8 18.Rae1 g6 19.f5 Ne5 20.Qg3 Qc6 21.Nc3 gxf5 22.exf5 Qxg2+
23.Qxg2 Bxg2 24.Kxg2 exf5 25.Nd5 Bg7 26.Rxf5 Ng6 27.Bf2 Rxe1 28.Bxe1 Re8
29.Bg3 a5 30.Kf1 Ne5 31.Nf6+ Bxf6 32.Rxf6 Rd8 33.a4 Kf8 34.Ke2 Rd7 35.Rh6 Ng6
36.h4 Ke7 37.Rxh7 Nf8 38.Rh8 d5 39.Be5 dxc4 40.h5 Ne6 41.Bf6+ Kd6 42.bxc4 Rb7
43.h6 Nf4+ 44.Kf3 Ng6 45.Rd8+ Kc7 46.h7 Rb4 47.Rg8  1-0

[Event "London2"]
[Site "London"]
[Date "1997.??.??"]
[Round "2"]
[White "Naylor, John"]
[Black "Bates, Richard"]
[Result "0-1"]
[WhiteElo "2295"]
[BlackElo "2310"]

1.e4 c5 2.Nf3 d6 3.d4 cxd4 4.Nxd4 Nf6 5.Nc3 a6 6.g3 e5 7.Nde2 Nbd7 8.a4 b6
9.Bg2 Bb7 10.h3 h5 11.Bg5 Be7 12.O-O O-O 13.Qd2 Rc8 14.Rac1 Rc4 15.b3 Rc7
16.f4 Re8 17.Bxf6 Nxf6 18.Nd5 Nxd5 19.exd5 Bf6 20.h4 b5 21.axb5 axb5 22.f5 e4
23.Rf4 Rce7 24.c4 Qb6+ 25.Kh2 bxc4 26.bxc4 Ba6 27.Qc2 Qe3 28.Rb1 Qd3 29.Rc1 Bc8
30.Rff1 Re5 31.Bh3 Bd8 32.Qa2 Qe3 33.Nf4 Bxf5 34.Ng2 Qh6 35.Bxf5 Rxf5 36.Rxf5 Qxc1
37.Qa4 Rf8 38.c5 g6 39.Rf4 Qxc5 40.Qxe4 Bb6 41.Rf1 Rc8 42.g4 Qd4 43.Qf3 Qe5+
44.Kh1 f5 45.Qf4 Rc3  0-1

[Event "Moravia-chT 9697"]
[Site "?"]
[Date "1997.??.??"]
[Round "?"]
[White "Babula, Milan"]
[Black "Sobek, Jaroslav"]
[Result "1/2-1/2"]
[WhiteElo "2295"]
[BlackElo "2225"]

1.e4 c5 2.Nf3 d6 3.d4 cxd4 4.Nxd4 Nf6 5.Nc3 a6 6.g3 e6 7.Bg2 Be7 8.O-O O-O
9.Be3 Qc7 10.f4 Nc6 11.Nxc6 bxc6 12.Na4 d5 13.Nb6 Rb8 14.Nxc8 Rfxc8 15.e5 Nd7
16.b3 a5 17.Qe2 a4 18.Bd4 c5 19.Bf2 c4 20.bxa4 Ra8 21.Bd4 Rxa4 22.c3 Bc5
23.Bxc5 Qxc5+ 24.Kh1 Ra3 25.Rac1 Rca8 26.Rc2 Qa5 27.f5 Rxa2 28.fxe6 fxe6
29.Bh3 Nf8 30.Qf2 h6 31.Qf7+ Kh8 32.Rxa2 Qxa2 33.Qe7 Nh7 34.Qxe6 Ng5 35.Qf5 Nxh3
36.Qxh3 Qe2 37.Qf5 Re8 38.e6 Qxe6 39.Qxe6 Rxe6 40.Rd1 Re5 41.Kg2 Kg8 42.Kf3 Kf7
43.Ra1 Kf6 44.Ra6+ Re6 45.Ra5 Ke5 46.Ke3 Kd6+ 47.Kd2 h5 48.Ra7 g6 49.Rf7 Ke5
50.Ke3 d4+ 51.cxd4+ Kd5+ 52.Kd2 Kxd4 53.Rd7+ Kc5 54.Rc7+ Rc6 55.Rg7 Kd4 56.Rd7+ Ke4
57.Rf7 Ra6 58.Kc3 Ra2 59.Rf4+ Ke5 60.Rh4 Re2 61.Kxc4 Re4+ 62.Kc5 Rxh4 63.gxh4 Kf4
64.Kd5 Kg4 65.Ke5 Kxh4 66.Kf6 g5 67.Kf5  1/2-1/2

[Event "New York op"]
[Site "New York"]
[Date "1997.??.??"]
[Round "?"]
[White "Christiansen, Larry Mark"]
[Black "Van Wely, Loek"]
[Result "0-1"]
[WhiteElo "2560"]
[BlackElo "2645"]

1.e4 c5 2.Nf3 d6 3.d4 cxd4 4.Nxd4 Nf6 5.Nc3 a6 6.g3 e5 7.Nde2 Nbd7 8.a4 b6
9.Bg5 Be7 10.Bxf6 Nxf6 11.Bg2 Bb7 12.O-O Rc8 13.Re1 h5 14.Nf4 Rc5 15.Nfd5 Bxd5
16.Nxd5 Nxd5 17.exd5 Qc8 18.c3 h4 19.Ra3 Kf8 20.Rb3 Bd8 21.Rb4 a5 22.Rg4 Rh6
23.Qe2 g6 24.Bf1 Rxd5 25.Rd1 Rxd1 26.Qxd1 d5 27.Be2 hxg3 28.Qxd5 gxf2+ 29.Kf1 Rxh2
30.Qxe5 Bc7 31.Qf6 Qd7 32.Rh4 Be5 33.Qg5 Rxh4 34.Qxh4 Qd2 35.Qc4 Qxb2 36.Qb5 Qxb5
37.Bxb5 Bxc3 38.Bc6 Bd4 39.Bb5 f5 40.Bc6 Ke7 41.Bb5 Kf6 42.Be8 g5 43.Bd7 g4
44.Bc6 Kg5 45.Bd7 f4 46.Bb5 f3 47.Bc6 Kf4 48.Bxf3 b5  0-1

[Event "JUG-chT"]
[Site "Niksic"]
[Date "1997.??.??"]
[Round "8"]
[White "Georgiev, Kiril"]
[Black "Sakaev, Konstantin"]
[Result "1/2-1/2"]
[WhiteElo "2670"]
[BlackElo "2590"]

1.e4 c5 2.Nf3 d6 3.d4 cxd4 4.Nxd4 Nf6 5.Nc3 a6 6.g3 Nc6 7.Bg2 Bd7 8.O-O e6
9.Nxc6 Bxc6 10.Re1 Be7 11.a4 O-O 12.a5 Rc8 13.Be3 Qc7 14.Bb6 Qd7 15.Re2 Qe8
16.f4 Nd7 17.Bf2 Qd8 18.Na4 Qxa5 19.Nb6 Qxb6 20.Bxb6 Nxb6 21.Qd4 Nd7 22.Kh1 Bb5
23.Rd2 Rc7 24.Rad1 Rfc8 25.c3 Nc5 26.Qe3 Ba4 27.Rf1 Nb3 28.Rdd1 Na5 29.Ra1 Nc4
30.Qf2 Bb3 31.Bf3 d5 32.exd5 Bc5 33.Qe1 exd5 34.Rf2 Re7 35.Re2 Ne3 36.Qd2 Rce8
37.Ree1 Kf8 38.Re2 Bc4 39.Ree1 Bb3 40.Qc1 g6 41.Re2 h5 42.Qd2 Bc4 43.Ree1 Bb3
44.f5 Nxf5 45.Rxe7 Rxe7 46.Re1 Ne3 47.Re2  1/2-1/2

[Event "JUG-ch52"]
[Site "Niksic"]
[Date "1997.??.??"]
[Round "15"]
[White "Popovic, Petar"]
[Black "Ilincic, Zlatko"]
[Result "1-0"]
[WhiteElo "2545"]
[BlackElo "2565"]

1.e4 c5 2.Nf3 d6 3.d4 cxd4 4.Nxd4 Nf6 5.Nc3 a6 6.g3 e6 7.Bg2 Be7 8.O-O O-O
9.Be3 Nbd7 10.f4 Nb6 11.Kh1 g6 12.b3 e5 13.Nde2 exf4 14.Nxf4 Bd7 15.a4 Bc6
16.a5 Nbd7 17.Ncd5 Re8 18.Bd4 Bxd5 19.exd5 Bf8 20.c4 Rc8 21.Bh3 Bg7 22.Ra2 Rc7
23.Re2 Rxe2 24.Qxe2 Nh5 25.Ba7 Nxf4 26.gxf4 Bc3 27.f5 Bxa5 28.Bd4 Bb6 29.Bxb6 Nxb6
30.f6 h5 31.Qe3 Na8 32.Qf4 b5 33.Re1 Kh7 34.c5 Rxc5 35.Re7 Rc7 36.Qg5 Nb6
37.Be6 Nc8 38.Rxf7+ Rxf7 39.Bxf7  1-0